000 00389nam a2200169Ia 4500
008 090711s9999 xx 000 0 und d
082 _b68777
100 _aपठाण यु. म.
245 _aसय
260 _c1992
300 _a116
600 _aपठाण यु. म.
630 _aसय
700 _aपठाण यु. म.
730 _aसय
942 _cBOOK
999 _c292050
_d292050